000 00496nam a22001817a 4500
003 MPLRDC
005 20220104124656.0
008 210129b ||||| |||| 00| 0 eng d
020 _a7-5358-0771-2
082 _a857.45 HNSN v.4
100 _a曹雪芹原著
245 _a红楼梦
_c木杉改编; 谢鹏程等绘画
250 _a一版二刷
260 _a
_b湖南少年儿童出版社
_c1993
300 _b
650 _a话本小说及章回--红楼梦
942 _cBK
_o857.45 HNSN v.4
999 _c21250
_d21240